01120nam a2200217 a 4500999001500000003000400015005001700019008004100036040002000077110005000097245025900147260004300406300004000449650005200489650008000541650003200621710005600653856007200709942002000781952010100801 c7968d7968OSt20241118131039.0130130s2009||||||||||||||||||||||||||||d aCDMRbcatcCDMR 94391aConsell de la Informació de Catalunya 0aRecomanacions per un periodisme no sexista i el tractament de la violència masclista [Recurs electrònic]c/ Consell de la Informació de Catalunya ; [col·labora: Col·legi de Periodistes de Catalunya, Associació de Dones Periodistes de Catalunya] a[Barcelona] b: Fundació CICc, 2020 a1 recurs electrònic (6 pàgines) 093818aMitjans de comunicació de massa i dones 094838aViolència envers les dones en els mitjans de comunicació de massa 09983aÈtica periodística2 9855aAssociació de Dones Periodistes de Catalunya uhttps://omeka.periodistes.cat/items/show/643zAccessible en línia cRECURS_WEB2udc 00104070aCDMRbCDMRd2024-11-18l0oDisponible en líniar2024-11-18w2024-11-18yRECURS_WEB